[Event "2011 SC Site Championship, Pre Round, Round 3"]
[Site "SchemingMind.com"]
[Date "2010.11.07"]
[Round "3"]
[White "thebirdolux"]
[Black "Orhany24"]
[Result "1-0"]
[WhiteCountry "USA"]
[BlackCountry "TUR"]
[WhiteElo "2441"]
[WhiteRD "84"]
[BlackElo "1778"]
[BlackRD "66"]
[GameID "266242"]

1. e4 e5 2. Nf3 Nc6 3. Bb5 a6 4. Ba4 Nf6 5. O-O Be7 6. Re1 b5 7. Bb3 O-O 8. c3 d6 9. h3 Na5 10. Bc2 c5
11. d4 Qc7 12. d5 h6 13. b3 Nh7 14. Nbd2 f5 15. exf5 Bxf5 16. Bxf5 Rxf5 17. Ne4 Raf8 18. Be3 g5 19. Nh2 c4 20. b4 Nb7
21. Ng4 Kg7 22. Ng3 R5f7 23. Nh5+ Kg6 24. Qc2+ Kxh5 25. Nxe5 dxe5 26. g4+ Kh4 27. Qg6
1-0

[Event "2011 SC Site Championship, Pre Round, Round 3"]
[Site "SchemingMind.com"]
[Date "2010.11.06"]
[Round "3"]
[White "thefriediceman"]
[Black "tom claxton"]
[Result "1-0"]
[WhiteCountry "USA"]
[BlackCountry "ENG"]
[WhiteElo "1936"]
[WhiteRD "71"]
[BlackElo "1438"]
[BlackRD "59"]
[GameID "266243"]

1. e4 c5 2. Nf3 Nf6 3. e5 Ne4 4. d3 Nxf2 5. Kxf2 d6 6. exd6 Qxd6 7. Be3 e6 8. Nc3 Bd7 9. Ne4 Qd5 10. c4 Qc6
11. Ne5 Qc7 12. Nxd7 Nxd7 13. Qf3 O-O-O 14. Bf4 Ne5 15. Qg3 f6 16. Bxe5 fxe5 17. Ng5 h6 18. Nf3 Rg8 19. Qxe5 Qxe5 20. Nxe5 Bd6
21. Ng4 Rdf8+ 22. Ke2 b6 23. g3 h5 24. Ne3 g6 25. Bh3 Kd7 26. Rhf1 g5 27. Rxf8 Rxf8 28. Rf1 Rxf1 29. Bxf1 g4 30. Bg2 e5
31. Be4 Ke6 32. Bg6 Kf6 33. Bxh5 Kg5 34. Bxg4 a5 35. Bd7 Bc7 36. Nd5 Kg6 37. Nxc7 Kf6 38. Nd5+ Kf7 39. Nxb6 Ke7 40. Bb5 Kd6
41. h4 Kc7 42. h5 Kxb6 43. h6 Kc7 44. h7 Kb7 45. h8=Q Ka7 46. Qf6 Kb7 47. Qc6+ Ka7 48. Ba6 Kb8 49. Qb7#
1-0

[Event "2011 SC Site Championship, Pre Round, Round 3"]
[Site "SchemingMind.com"]
[Date "2010.11.06"]
[Round "3"]
[White "tom claxton"]
[Black "CenturyBugs"]
[Result "0-1"]
[WhiteCountry "ENG"]
[BlackCountry "ENG"]
[WhiteElo "1440"]
[WhiteRD "62"]
[BlackElo "2033"]
[BlackRD "96"]
[GameID "266244"]

1. d4 d5 2. e3 Nf6 3. Nd2 e6 4. Bd3 c5 5. Ngf3 c4 6. Bxc4 dxc4 7. Nxc4 Be7 8. Nfe5 b5 9. Nd2 Bb7 10. f3 O-O
11. c3 Nbd7 12. c4 Nxe5 13. dxe5 Nd7 14. O-O Nxe5 15. f4 Nxc4 16. Nxc4 bxc4 17. Qxd8 Rfxd8 18. b3 Bf6 19. Rb1 c3 20. Rf2 Rd1+
21. Rf1 c2 22. Rxd1 cxd1=Q+ 23. Kf2 Qc2+ 24. Kg3 Qxg2#
0-1

[Event "2011 SC Site Championship, Pre Round, Round 3"]
[Site "SchemingMind.com"]
[Date "2010.11.10"]
[Round "3"]
[White "Transcendent"]
[Black "roscoe"]
[Result "1-0"]
[WhiteCountry "ENG"]
[BlackCountry "USA"]
[WhiteElo "1789"]
[WhiteRD "51"]
[BlackElo "1437"]
[BlackRD "91"]
[GameID "266245"]

1. d4 d5 2. c4 dxc4 3. e3 b5 4. a4 c6 5. axb5 cxb5 6. Qf3 Qd7 7. Qxa8 Qb7 8. Qxa7 Qxa7 9. Rxa7 Nd7 10. Nc3 e6
11. Nxb5 Bb4+ 12. Bd2 Bxd2+ 13. Kxd2 Ke7 14. Bxc4 Nf6 15. f3 Rd8 16. Ne2 Kf8 17. Nd6 g6 18. Nxc8
1-0

[Event "2011 SC Site Championship, Pre Round, Round 3"]
[Site "SchemingMind.com"]
[Date "2010.11.08"]
[Round "3"]
[White "Tumbleweed"]
[Black "wayder"]
[Result "0-1"]
[WhiteCountry "ENG"]
[BlackCountry "USA"]
[WhiteElo "1338"]
[WhiteRD "107"]
[BlackElo "1914"]
[BlackRD "91"]
[GameID "266246"]

1. d4 Nf6 2. Nc3 d5 3. Bf4 e6 4. Qd3 Nc6 5. Nf3 Nb4 6. Qb5+ Bd7 7. Qxb7 Rb8 8. Qxa7 Ra8 9. Qxc7 Qxc7 10. Bxc7 Nxc2+
11. Kd2 Nxa1 12. e3 Bb4 13. Bd3 Rxa2 14. Rc1 Bxc3+ 15. Kd1 Ba4+ 16. Bc2 Nxc2 17. Rxc2 Ra1+
0-1

[Event "2011 SC Site Championship, Pre Round, Round 3"]
[Site "SchemingMind.com"]
[Date "2010.11.06"]
[Round "3"]
[White "Ursus"]
[Black "Zerstörer"]
[Result "0-1"]
[WhiteCountry "INT"]
[BlackCountry "ITA"]
[WhiteElo "1674"]
[WhiteRD "95"]
[BlackElo "1999"]
[BlackRD "93"]
[GameID "266248"]

1. c4 Nf6 2. Nc3 e6 3. g3 d5 4. cxd5 exd5 5. Bg2 c6 6. d4 Bd6 7. Qc2 O-O 8. Bg5 h6 9. Bxf6 Qxf6 10. e3 Nd7
11. Nf3 Re8 12. O-O Nb6 13. b3 Bf5 14. Qe2 Bb4 15. Nd1 Nd7 16. a3 Bd6 17. b4 a6 18. Nc3 Qe6 19. Rfc1 Nf6 20. Nh4 Bh7
21. Na4 Rab8 22. Nc5 Qe7 23. Rc3 Ne4 24. Rb3 Nxc5 25. bxc5 Bxc5 26. dxc5 Qxc5 27. Nf3 b5 28. Qd2 Qb6 29. a4 Be4 30. axb5 axb5
31. Rba3 c5
0-1

[Event "2011 SC Site Championship, Pre Round, Round 3"]
[Site "SchemingMind.com"]
[Date "2010.11.08"]
[Round "3"]
[White "Uzi Mike"]
[Black "sdreichert"]
[Result "1-0"]
[WhiteCountry "USA"]
[BlackCountry "USA"]
[WhiteElo "2258"]
[WhiteRD "72"]
[BlackElo "1439"]
[BlackRD "102"]
[GameID "266249"]

1. d4 d5 2. Nf3 Nc6 3. Bf4 Nf6 4. e3 Bg4 5. h3 Bxf3 6. Qxf3 e6 7. a3 Bd6 8. Bg5 Qe7 9. c4 dxc4 10. Nd2 O-O-O
11. Bxc4 Rde8 12. Bb5 h6 13. Bxf6 gxf6 14. Nc4 e5 15. Bxc6 bxc6 16. Qxc6 Rd8 17. dxe5 Bxe5 18. Na5 Rd6 19. Qa8+ Kd7 20. Qxh8 Bxb2
21. O-O Bxa1 22. Rxa1 Qe5 23. Nb3 Qc3 24. Qb8 Rb6 25. Rd1+ Ke7 26. Qd8+ Ke6 27. Qd7+
1-0

[Event "2011 SC Site Championship, Pre Round, Round 3"]
[Site "SchemingMind.com"]
[Date "2010.11.08"]
[Round "3"]
[White "wayder"]
[Black "thefriediceman"]
[Result "1/2-1/2"]
[WhiteCountry "USA"]
[BlackCountry "USA"]
[WhiteElo "1922"]
[WhiteRD "90"]
[BlackElo "1922"]
[BlackRD "76"]
[GameID "266250"]

1. d4 Nf6 2. c4 g6 3. Nc3 Bg7 4. e4 d6 5. h3 O-O 6. Nf3 e5 7. d5 a5 8. Be3 Na6 9. Be2 Nc5 10. Nd2 Nfd7
11. g4 c6 12. h4 Qe7 13. h5 Bf6 14. hxg6 fxg6 15. Nf3 Na6 16. Kd2 Ndc5 17. Qg1 Rf7 18. g5 Bg7 19. Qh2 Bf8 20. Rag1 Bd7
21. Nh4 Rg7 22. Nf5 gxf5 23. g6 hxg6 24. Qh8+ Kf7 25. Bg5 Qe8 26. Rh7 Rxh7 27. Qxh7+ Bg7 28. Bh4 Kf8 29. Rxg6 Qf7 30. Bh5 Be8
31. Rf6 Qxf6 32. Bxf6 Bxf6 33. Qh6+ Ke7 34. Qh7+ Kf8= 35. Bxe8 Rxe8 36. Qxf5 Kf7 37. a3 Nb3+ 38. Ke3 Nac5 39. Ne2=
1/2-1/2

[Event "2011 SC Site Championship, Pre Round, Round 3"]
[Site "SchemingMind.com"]
[Date "2010.11.11"]
[Round "3"]
[White "wilfried"]
[Black "PankracyRozumek"]
[Result "1-0"]
[WhiteCountry "GER"]
[BlackCountry "POL"]
[WhiteElo "2445"]
[WhiteRD "116"]
[BlackElo "1789"]
[BlackRD "89"]
[GameID "266251"]

1. d4 Nf6 2. c4 g6 3. Nc3 Bg7 4. e4 d6 5. Nf3 O-O 6. Be2 e5 7. O-O Nc6 8. d5 Ne7 9. Be3 Ne8 10. c5 f5
11. Qb3 a6 12. Ng5 f4 13. cxd6 Nxd6 14. Bc5 b6 15. Bxd6 Qxd6 16. Ne6 Bxe6 17. dxe6 Kh8 18. Rfd1 Qc6 19. Rac1 Qb7 20. Rd7 Bf6
21. Nd5 Nxd5 22. exd5 Rac8 23. d6
1-0

[Event "2011 SC Site Championship, Pre Round, Round 3"]
[Site "SchemingMind.com"]
[Date "2010.11.06"]
[Round "3"]
[White "Will Grummitt"]
[Black "madrugada"]
[Result "1/2-1/2"]
[WhiteCountry "ENG"]
[BlackCountry "BEL"]
[WhiteElo "1709"]
[WhiteRD "56"]
[BlackElo "1702"]
[BlackRD "126"]
[GameID "266252"]

1. e4 c5 2. c3 Nf6 3. e5 Nd5 4. d4 cxd4 5. cxd4 e6 6. Nf3 Bb4+ 7. Bd2 Qa5 8. a3 Nc6 9. Bc4 O-O 10. Bxd5 Bxd2+
11. Qxd2 Qxd5 12. Nc3 Qa5 13. Rd1 b5 14. O-O Ba6 15. Rfe1 b4 16. axb4 Qxb4 17. Ne4 Qxd2=
1/2-1/2

[Event "2011 SC Site Championship, Pre Round, Round 3"]
[Site "SchemingMind.com"]
[Date "2010.11.11"]
[Round "3"]
[White "Wolli"]
[Black "Jaschin"]
[Result "1-0"]
[WhiteCountry "GER"]
[BlackCountry "GER"]
[WhiteElo "1896"]
[WhiteRD "90"]
[BlackElo "1343"]
[BlackRD "75"]
[GameID "266253"]

1. c4 Nf6 2. g3 e6 3. Bg2 d5 4. Nf3 Be7 5. O-O O-O 6. d4 dxc4 7. Qc2 a6 8. Qxc4 b5 9. Qc2 Bb7 10. Bd2 Be4
11. Qc1 Nc6 12. Be3 Nb4 13. Nbd2 Nbd5 14. Nxe4 Nxe4 15. Ne5 Nd6 16. Nc6 Qd7 17. Bxd5 exd5 18. Nxe7+ Qxe7 19. Qc3 Nc4 20. Bf4 Qxe2
21. Bxc7 Qxb2 22. Qxb2 Nxb2 23. Rab1 Nc4 24. Rbc1 Rac8 25. Bf4 Rfe8 26. Rfe1 Kf8 27. Kf1 Rxe1+ 28. Rxe1 Re8 29. Re2
1-0

[Event "2011 SC Site Championship, Pre Round, Round 3"]
[Site "SchemingMind.com"]
[Date "2010.11.11"]
[Round "3"]
[White "yoponz"]
[Black "bereolos"]
[Result "0-1"]
[WhiteCountry "ENG"]
[BlackCountry "USA"]
[WhiteElo "1451"]
[WhiteRD "74"]
[BlackElo "2138"]
[BlackRD "107"]
[GameID "266254"]

1. e4 e5 2. Nf3 Nc6 3. Bb5 a6 4. Bxc6 dxc6 5. d4 exd4 6. Nxd4 c5 7. Nf5 Qxd1+ 8. Kxd1 Be6 9. Ne3 Bd6 10. Nc3 O-O-O
11. Bd2 Ne7 12. Re1 Rhe8 13. g3 Nc6 14. Ncd5 Nd4 15. c3 Nf3 16. Re2 Nxh2 17. Kc2 Nf3 18. Rh1 h6 19. Nc4 Bxd5 20. Kd3 Bxc4+
21. Kxc4 Nxd2+ 22. Rxd2 Bf8 23. Rxd8+ Rxd8 24. f3 Rd2 25. Kb3 b5 26. e5 c4#
0-1

[Event "2011 SC Site Championship, Pre Round, Round 3"]
[Site "SchemingMind.com"]
[Date "2010.11.07"]
[Round "3"]
[White "Zeidan"]
[Black "Transcendent"]
[Result "1-0"]
[WhiteCountry "LBN"]
[BlackCountry "ENG"]
[WhiteElo "2156"]
[WhiteRD "68"]
[BlackElo "1789"]
[BlackRD "51"]
[GameID "266255"]

1. d4 Nf6 2. Nf3 d5 3. g3 Bf5 4. Bg2 e6 5. c4 c6 6. O-O dxc4 7. Ne5 Nbd7 8. Nxc4 Be7 9. Nc3 O-O 10. e4 Bg6
11. Be3 Re8 12. Qe2 Bf8 13. Rfd1 b5 14. Ne5 Nxe5 15. dxe5 Nd7 16. Nxb5 cxb5 17. Qxb5
1-0

[Event "2011 SC Site Championship, Pre Round, Round 3"]
[Site "SchemingMind.com"]
[Date "2010.11.06"]
[Round "3"]
[White "Zerstörer"]
[Black "pclaxton"]
[Result "1-0"]
[WhiteCountry "ITA"]
[BlackCountry "ENG"]
[WhiteElo "1907"]
[WhiteRD "117"]
[BlackElo "1300"]
[BlackRD "64"]
[GameID "266256"]

1. e4 e5 2. Nf3 Nf6 3. Nxe5 Nxe4 4. Qe2 f6 5. Qh5+ g6 6. Nxg6 Rg8 7. Nxf8+ Kxf8 8. d3 Nd6 9. Bh6+ Ke7 10. Nc3 Qe8
11. Qxe8+ Kxe8 12. Nd5 Kd8 13. Kd2 Nf5 14. Bf4 a5 15. Bxc7+ Ke8 16. Nxf6+ Kf8 17. Nxg8 Kxg8 18. Bxb8 Rxb8 19. Re1 b6 20. g3 d6
21. Bg2 Be6 22. Rxe6 Nd4 23. Rxd6 Nb5 24. Rd7 Rf8 25. f4 h5 26. Re1 Rc8 27. Ree7 Kf8 28. Rh7 Ke8 29. Rdg7 Nd4 30. Rg8#
1-0